| 000 | 01008aam a22003131i 4500 | ||
|---|---|---|---|
| 001 | 012310836 | ||
| 003 | EG-ScBUE | ||
| 005 | 20251125103737.0 | ||
| 008 | 010706s2002 mau f 001 0 eng d | ||
| 020 | _a0745623751 (pbk) | ||
| 020 | _a9780745623757 | ||
| 040 |
_aStDuBDS _beng _erda _dUk _dEG-ScBUE _cEG-ScBUE |
||
| 082 | 0 | 4 |
_a302.2309 _222 _bBRI |
| 100 | 1 |
_aBriggs, Asa, _eauthor. |
|
| 245 | 1 | 2 |
_aA social history of the media : _bfrom Gutenberg to the internet / _cAsa Briggs and Peter Burke. |
| 264 | 1 |
_aCambridge : _bPolity Press, _c2002. |
|
| 300 |
_a374 pages ; _c24 cm |
||
| 336 |
_atext _2rdacontent _btxt |
||
| 337 |
_aunmediated _2rdamedia _bn |
||
| 338 |
_avolume _2rdacarrier _bnc |
||
| 500 | _aIncludes index. | ||
| 650 | 7 |
_aMass media _xHistory. _2BUEsh |
|
| 650 | 7 |
_aMass media _xSocial aspects. _2BUEsh |
|
| 650 | 7 |
_aMass media _xEconomic aspects. _2BUEsh |
|
| 655 | _vReading book | ||
| 700 | 1 |
_aBurke, Peter, _eauthor. |
|
| 942 |
_2ddc _cBB |
||
| 999 |
_c31009 _d30980 |
||